000 00813nam a22002777a 4500
001 BR2015005512
003 BR-BrBNA
005 20230928104729.0
007 ta
008 230509b bl.||||| |||| 00| 0 por d
040 _aBR-BrBNA
_bpor
_cBiblioteca Nacional de Agricultura
041 _a(Por)
072 _aE14
090 _ E14 BR2015005512
110 1 _aConfederação da Agricultura e Pecuária do Brasil, Brasília, DF (Brasil)
_92548
245 1 _aPerspectivas da agropecuária para 2012. Balanço 2011
260 3 _aBrasília, DF (Brasil):
_c2011.
300 _a112 p.
650 _aDESENVOLVIMENTO ECONÕMICO
650 _aPRODUÇÃO VEGETAL
650 _aPRODUÇÃO ANIMAL
650 _aECONOMIA
650 _aDADOS ESTATÍSTICOS
909 _a202309
_bLucia
_c55
_dLucia Elande
942 _cBK
999 _c81437
_d81437